[Event "Caplin British Online-ch Open 2020"]
[Site "Online"]
[Date "2020.12.28"]
[Round "5.14"]
[White "Varney, Zoe"]
[Black "Idle, Oscar"]
[Result "1/2-1/2"]
[WhiteElo "1917"]
[BlackElo "1722"]
[Annotator "TA"]
[PlyCount "62"]
[EventDate "2020.12.21"]
[EventType "swiss"]
[EventCountry "NET"]
[SourceTitle "playchess.com"]
[Source "ChessBase"]
[SourceQuality "1"]

{[%evp 18,62,36,25,21,6,22,-1,27,26,22,-11,-22,-23,-21,-22,-37,-33,-19,-59,-59,-60,-56,-61,-61,-64,-34,-61,0,0,0,0,0,0,0,-8,0,-14,-15,-13,-12,-22,-17,-27,0,-14,-8]} 1. e4 e5 2. Nf3 Nc6 3. Bc4 Nf6 4. d3 Bc5 5. c3 a6 6. a4 d6 7. O-O O-O 8. h3 Ba7 9. Re1 Ne7 10. Nbd2 {[%cal Bb1d2,Bd2f1,Bf1g3][%mdl 32]} Ng6 {C54: Giuoco Piano: 4 c3 Nf6, main lines with 5 d4 and 5 d3.} 11. Nf1 c6 12. Ba2 {[#]} Re8 $146 ({Predecessor:} 12... Be6 13. Bxe6 fxe6 14. Ng3 d5 15. Be3 Bxe3 16. Rxe3 Qb6 17. Qc2 a5 18. Ra3 d4 {½-½ (42) Howell,D (2667)-Ipatov,A (2660) Saint Louis 2017}) 13. Ng3 Be6 14. Bb1 d5 15. d4 dxe4 16. Nxe4 Nxe4 17. Bxe4 exd4 18. cxd4 Bd5 19. Bxd5 Qxd5 20. Be3 Rad8 21. Qc2 Bb8 22. Qc5 Nf4 (22... Nf8 $15) 23. Bxf4 $11 Bxf4 24. Qxd5 cxd5 25. Rxe8+ Rxe8 {[%mdl 4096] Endgame KRB-KRN} 26. Re1 {[%cal Re1e8] [#]} (26. Ra3 {with more complications.} f6 27. Rb3 Rb8 28. Ne1 b5 29. axb5 Rxb5 30. Rxb5 axb5 31. Kf1) 26... Kf8 27. Kf1 Rc8 28. g3 Bd6 29. Re3 Rc1+ 30. Kg2 Ra1 31. b3 Rc1 {Weighted Error Value: White=0.10/Black=0.10} 1/2-1/2

[Event "Caplin British Online-ch Open 2020"]
[Site "Online"]
[Date "2020.12.28"]
[Round "5.15"]
[White "Shafi, Declan"]
[Black "Balaji, Aaravamudhan"]
[Result "0-1"]
[WhiteElo "2166"]
[BlackElo "2206"]
[Annotator "TA"]
[PlyCount "106"]
[EventDate "2020.12.21"]
[EventType "swiss"]
[EventCountry "NET"]
[SourceTitle "playchess.com"]
[Source "ChessBase"]
[SourceQuality "1"]

{[%evp 9,106,107,119,97,95,88,95,92,93,21,29,4,91,77,86,68,77,75,83,43,68,-33,-35,-26,-27,-45,-47,-62,-56,-60,-43,-63,-73,-66,-45,-37,0,-9,0,-36,0,-81,-76,-76,-70,-86,-89,-112,-73,-81,-28,-78,-55,-41,-61,-83,-57,-35,0,0,0,0,-16,0,0,-89,-42,-69,-31,-118,-125,-130,-119,-121,-129,-153,-140,-138,-123,-177,-179,-230,-217,-227,-220,-350,-317,-456,-454,-608,-448,-534,-434,-827,-845,-842,-818,-954,-912]} 1. d4 f6 2. e4 g6 3. Nc3 Bg7 4. Be3 Nh6 5. Bc4 e6 6. f3 {A40: Unusual replies to 1 d4.} c6 {[#]} 7. d5 $146 ({Predecessor:} 7. Qd2 Nf7 8. h4 d5 9. Bb3 b5 10. O-O-O a5 11. a4 Ba6 12. axb5 cxb5 13. exd5 {1-0 (39) Mora,L (1920)-Rozzoni,D (1786) Bratto 2007}) 7... b5 8. Bb3 {White is better.} a5 9. a4 (9. a3 $16) 9... b4 $11 10. Nce2 O-O (10... cxd5 $11 {remains equal.} 11. Qd2 (11. exd5 e5 $11) 11... Nf7) 11. Qd2 Nf7 12. O-O-O cxd5 13. exd5 e5 14. g4 d6 $1 15. Ng3 ({Better is} 15. h4 $14) 15... f5 $1 $36 {[%cal Rf5f4][%mdl 2048] Black has the initiative.} 16. gxf5 gxf5 {...f4 is the strong threat.} 17. Nh5 f4 $1 {[%cal Rf4e3]} 18. Qg2 {[%csl Gh5][%cal Rg2g7]} Qg5 19. Qxg5 Nxg5 20. Bd2 Bh6 21. h4 Nf7 22. Nf6+ Kh8 23. Nh3 Bf5 24. Nf2 Na6 25. Bc4 (25. N6e4 $1 $11) 25... Nc5 $17 26. b3 Rfc8 27. N2e4 {[#]} Nxa4 $1 28. Bb5 (28. Bd3 Bxe4) 28... Nb6 29. Kb2 Bxe4 (29... Bg7 $17 {Hoping for ...Bxf6.} 30. Bc6 Rab8) 30. fxe4 Bf8 31. Ra1 Be7 32. Nh5 Rc7 33. Bc6 Rac8 {Threatens to win with ...Nd8.} 34. Rxa5 Nd8 35. Bxb4 Nxc6 36. dxc6 Rxc6 37. Rh2 (37. c4 $11 {keeps the balance.}) 37... Rb8 {Strongly threatening ...Nc4+!} 38. c3 Rf8 39. Ra7 {Black converts the advantage convincingly.} (39. c4 $15) 39... Nc8 40. Ra1 Rg8 41. c4 {With the idea Nxf4!} Rg4 42. Rf1 Kg8 ({But not} 42... Rxh4 43. Rg2 $15) 43. Rff2 Kf7 {aiming for ...Kg6.} ({Of course not} 43... Rxh4 $6 44. Rhg2+ Kf8 45. Ng7 $15) 44. Rfg2 {[#]} (44. Rhg2 $17 {might work better.} Rg6 45. Rxg6 Kxg6 46. Nxf4+ exf4 47. Rxf4) 44... Rg6 $1 $19 45. Bc3 {[#]} (45. Kc2 {keeps fighting.}) 45... Nb6 $1 46. Kc2 Nd7 47. Bb4 (47. Bd2 $142) 47... Nf8 48. Kd3 (48. Bd2 {was worth a try.}) 48... Ne6 {Black is clearly winning.} 49. Kc3 Ra6 50. Rf2 Ke8 51. Rhg2 (51. Ra2 $142 Rxa2 52. Rxa2) 51... Bxh4 52. Rxg6 hxg6 53. Rh2 Be1+ {Weighted Error Value: White=0.46/Black=0.16} (53... gxh5 $2 54. Rxh4 f3 55. Rh1 $19) 0-1

[Event "Caplin British Online-ch Open 2020"]
[Site "Online"]
[Date "2020.12.28"]
[Round "5.17"]
[White "Oh, Julie"]
[Black "Finn, Chris"]
[Result "0-1"]
[WhiteElo "1168"]
[BlackElo "1958"]
[Annotator "TA"]
[PlyCount "132"]
[EventDate "2020.12.21"]
[EventType "swiss"]
[EventCountry "NET"]
[SourceTitle "playchess.com"]
[Source "ChessBase"]
[SourceQuality "1"]

{[%evp 16,131,57,53,73,35,45,6,7,13,19,8,16,0,0,0,0,0,0,-4,0,0,12,0,0,0,0,-84,-83,-83,-82,-85,-87,-234,-198,-183,-168,-196,-193,-200,-204,-237,-236,-228,-228,-214,-159,-159,-137,-159,-151,-184,-134,-133,-133,-134,-61,-486,-485,-525,-342,-450,-329,-329,-314,-314,-266,-266,-266,-260,-252,-252,-216,-261,-252,-310,-260,-252,-245,-29979,-29980,-29980,-29981,-29981,-29982,-29982,-29983,-29983,-29984,-29984,-29985,-29985,-29986,-29986,-29986,-29986,-29987,-29987,-29988,-29990,-29991,-29991,-29989,-29989,-29990,-29990,-29991,-29991,-29992,-29994,-29995,-29995,-29996,-29997,-29997,-29998,-29999,-29999]} 1. e4 e6 2. Nc3 d5 3. d4 dxe4 4. Nxe4 Nd7 5. Nf3 Ngf6 6. Nxf6+ Nxf6 7. Be3 c5 8. c3 cxd4 9. Bxd4 Be7 {C10: French with 3 Nc3: Unusual Black 3rd moves and 3...dxe4.} 10. Be2 O-O 11. O-O b6 {The position is equal.} 12. Bd3 Bb7 13. Qe2 Qc7 {[#]} 14. Ne5 $146 ({Predecessor:} 14. Rad1 Rfd8 15. Rfe1 Rac8 16. a3 Bd5 17. Ne5 Bc5 18. Ba6 Bxd4 19. Rxd4 Bb7 20. Rxd8+ Rxd8 21. Bxb7 Qxb7 {½-½ (50) Farakhov,R (2371)-Alexandrova,O (2430) Alushta 2004}) 14... Bc5 15. Bxc5 Qxc5 16. Rad1 Rad8 17. Ng4 Qg5 18. Nxf6+ gxf6 {[%csl Gb7][%cal Rg5g2]} 19. Be4 Bxe4 20. Qxe4 Rd2 21. f4 (21. Rxd2 $11 {keeps the balance.} Qxd2 22. Qg4+ Kh8 23. Qh4) 21... Qc5+ $17 22. Kh1 Rfd8 23. Rxd2 Rxd2 $40 {[%mdl 4224] Endgame KQR-KQR. Black is out for blood.} 24. Qb1 (24. f5 $17) 24... Qd5 {[%csl Gd2][%cal Rd5g2]} 25. Rg1 Qb5 26. b3 Qe2 27. Qe1 Qd3 ({Resist} 27... Rxa2 28. Qh4 $17) 28. Qg3+ Qxg3 29. hxg3 Rxa2 $19 {KR-KR} 30. Rc1 Kg7 31. Kh2 Kg6 32. c4 Rb2 33. Rc3 Kf5 34. c5 bxc5 35. Rxc5+ {[#]} e5 (35... Kg6 $1 $17 36. Ra5 h5 37. Rxa7 Rxb3) 36. g4+ $2 {[%mdl 8192]} (36. Ra5 $15) 36... Kxf4 37. Rc4+ Kg5 38. Ra4 Rxb3 39. Rxa7 Kg6 ({Much less strong is} 39... Kxg4 40. Rxf7 f5 41. Rg7+ Kf4 42. Rxh7 $19) 40. Re7 Rb6 41. Kg3 Re6 42. Rb7 h6 43. Kf3 Kg7 44. Ke4 Rd6 45. Rb4 Rd7 46. g3 Kg6 {White must now prevent ...Rd4+!} 47. Rc4 {[#]} (47. Rb8 $19) 47... Rd4+ {Black mates.} 48. Rxd4 exd4 49. Kxd4 {K3P-KPP} Kg5 50. Ke3 Kxg4 {KP-KP} 51. Kf2 f5 52. Kg2 f4 53. gxf4 Kxf4 54. Kf2 h5 55. Kg2 Ke3 56. Kf1 f5 57. Ke1 f4 58. Kf1 Kf3 59. Kg1 Ke2 60. Kh2 f3 61. Kg3 f2 62. Kh4 f1=Q 63. Kxh5 Qg2 64. Kh4 Kf3 {[%csl Gf3][%cal Rg2g4]} 65. Kh5 Qg7 66. Kh4 Qg4# {Weighted Error Value: White=0.49/Black=0.16} 0-1

[Event "Caplin British Online-ch Open 2020"]
[Site "Online"]
[Date "2020.12.29"]
[Round "6.1"]
[White "Adams, Michael"]
[Black "Lalic, Bogdan"]
[Result "1/2-1/2"]
[WhiteElo "2716"]
[BlackElo "2402"]
[Annotator "TA"]
[PlyCount "53"]
[EventDate "2020.12.21"]
[EventType "swiss"]
[EventCountry "NET"]
[SourceTitle "playchess.com"]
[Source "ChessBase"]
[SourceQuality "1"]

{[%evp 21,53,32,33,31,35,29,22,33,54,70,56,58,79,30,30,14,10,18,22,10,14,0,0,0,0,0,0,0,0,0,0,0,0,-4]} 1. c4 c5 2. Nf3 Nc6 3. Nc3 Nf6 4. e3 e6 5. d4 d5 6. cxd5 exd5 7. Bb5 Bd6 8. dxc5 Bxc5 9. O-O O-O 10. b3 a6 11. Bxc6 bxc6 12. Bb2 {D32: Tarrasch Defence: Sidelines and lines without g3.} Bd6 13. Rc1 Bg4 14. Ne2 Rc8 15. Ne5 $1 Bxe5 16. Bxe5 Re8 {[#]} 17. Bxf6 $146 ({Predecessor:} 17. Bd4 Nd7 18. f3 Bf5 19. Qd2 Qe7 20. Ng3 Bg6 21. Rfe1 f6 22. b4 h5 23. Ne2 {½-½ (56) Bruzon Batista,L (2643)-Bodek,M (2408) Calgary 2016}) 17... Qxf6 18. h3 Bxe2 {The position is equal.} 19. Qxe2 c5 20. Qd2 d4 21. exd4 cxd4 22. Rxc8 Rxc8 $11 {KQR-KQR} 23. Rd1 Rd8 24. Qd3 Qc6 25. g3 g6 26. h4 h5 27. Rd2 {Weighted Error Value: White=0.07/Black=0.04} 1/2-1/2

[Event "Caplin British Online-ch Open 2020"]
[Site "Online"]
[Date "2020.12.29"]
[Round "6.2"]
[White "Cox, Tristan A"]
[Black "Turner, Matthew J"]
[Result "0-1"]
[WhiteElo "2141"]
[BlackElo "2509"]
[Annotator "TA"]
[PlyCount "46"]
[EventDate "2020.12.21"]
[EventType "swiss"]
[EventCountry "NET"]
[SourceTitle "playchess.com"]
[Source "ChessBase"]
[SourceQuality "1"]

{[%evp 13,46,6,13,-58,6,-62,-45,-87,-79,-254,-270,-273,-249,-237,-264,-329,-297,-273,-294,-289,-288,-372,-388,-360,-383,-356,-349,-503,-522,-771,-769,-731,-714,-677,-667]} 1. d4 {Metz Alekhine/Primel,D} Nf6 2. c4 e6 3. Nc3 Bb4 4. e3 O-O 5. Bd2 c6 6. Nf3 d5 7. Qc2 Nbd7 {[#]} 8. g4 $146 {D45: Semi-Slav: 5 e3.} (8. Bd3 $11) ({Predecessor:} 8. Bd3 Qe7 9. O-O Bd6 10. cxd5 exd5 11. Rfe1 Qd8 12. e4 dxe4 13. Nxe4 Be7 14. Nc5 h6 15. a4 Nxc5 16. dxc5 Bxc5 17. Qxc5 Qxd3 {0-1 (36) Manolache,M (2561)-Zubarev,A (2597) Metz 2012 EXT 2013 [Metz Alekhine/Primel,D]}) 8... e5 ({Better is} 8... Nxg4 $15 9. Rg1 Ngf6) 9. dxe5 (9. g5 $11 Bxc3 10. Bxc3) 9... Nxg4 $15 10. a3 {Black is slightly better.} Ba5 11. b4 $2 (11. Be2 $17) 11... Bc7 $19 12. cxd5 {[#] Hoping for d6.} Ndxe5 13. Nxe5 Bxe5 ({Less strong is} 13... Nxe5 14. O-O-O $17) 14. Bd3 Qh4 15. O-O-O Nxf2 {[%mdl 64] [#] Double Attack} 16. Be1 Nxd3+ 17. Rxd3 Qh6 18. Bd2 Qg6 19. e4 a5 20. b5 (20. bxa5 $142 Rxa5 21. Qb3) 20... cxb5 {Black is clearly winning.} 21. Nxb5 Bd7 22. Nc3 Rac8 23. Kb1 b5 {White did not feel at home in the position after the opening.  Weighted Error Value: White=0.53/Black=0.14} 0-1

[Event "Caplin British Online-ch Open 2020"]
[Site "Online"]
[Date "2020.12.29"]
[Round "6.3"]
[White "Wadsworth, Matthew J"]
[Black "Ghasi, Ameet K"]
[Result "1/2-1/2"]
[WhiteElo "2416"]
[BlackElo "2485"]
[Annotator "TA"]
[PlyCount "79"]
[EventDate "2020.12.21"]
[EventType "swiss"]
[EventCountry "NET"]
[SourceTitle "playchess.com"]
[Source "ChessBase"]
[SourceQuality "1"]

{[%evp 15,79,23,27,26,29,0,4,-6,32,12,12,13,12,15,42,32,44,25,20,17,28,7,8,18,31,11,22,0,0,0,0,0,-4,-7,0,0,41,0,32,0,0,0,0,0,0,0,0,0,0,0,0,0,0,0,0,0,0,0,0,0,0,0,0,0,0,0]} 1. c4 g6 2. g3 Bg7 3. Bg2 Nf6 4. Nf3 O-O 5. O-O c6 6. b3 Ne4 7. d4 d5 8. Bb2 Bf5 9. Nh4 {D78: Fianchetto Grünfeld: 6 0-0 c6.} Be6 10. cxd5 cxd5 11. Nc3 {[%cal Bb1c3,Bc3e2,Be2f4][%mdl 32] [#]} f5 $146 ({Predecessor:} 11... Nxc3 12. Bxc3 Nc6 13. e3 Qd7 14. Re1 Rfd8 15. Rc1 Bg4 16. Bf3 Bxf3 17. Nxf3 f6 {1-0 (43) Schlender,M-Floeter,F Germany 1996}) 12. Rc1 Nc6 13. Nf3 Rc8 14. e3 Qd7 15. Ne2 Rc7 16. Nf4 Rfc8 17. Nd3 Qd6 18. Nfe5 Nxe5 19. Rxc7 Nf3+ 20. Bxf3 Rxc7 21. Qe2 Bd7 22. Rc1 Bb5 {[#] White must now prevent ...Rxc1+.} 23. Rxc7 Qxc7 24. a4 Ba6 25. Qd1 Qb6 26. Ba3 (26. Bxe4 $5 dxe4 27. Nc5 $14) 26... e6 27. Nc5 Nxc5 {The position is equal.} 28. dxc5 Qc7 29. b4 {[#] aiming for b5.} Bc4 30. Be2 Bxe2 31. Qxe2 Qe5 32. Qb5 Qe4 33. Qe8+ Bf8 34. h4 d4 35. exd4 Qe1+ 36. Kg2 Qe4+ 37. Kh2 Qe2 38. Kg2 {Threatens to win with Bc1.} Qe4+ 39. Kh2 {Strongly threatening Bc1.} Qe2 40. Kg2 {Weighted Error Value: White=0.07/Black=0.06} 1/2-1/2

[Event "Caplin British Online-ch Open 2020"]
[Site "Online"]
[Date "2020.12.29"]
[Round "6.4"]
[White "Fernandez, Daniel Howard"]
[Black "Finn, Peter"]
[Result "1-0"]
[WhiteElo "2466"]
[BlackElo "1959"]
[Annotator "TA"]
[PlyCount "87"]
[EventDate "2020.12.21"]
[EventType "swiss"]
[EventCountry "NET"]
[SourceTitle "playchess.com"]
[Source "ChessBase"]
[SourceQuality "1"]

{[%evp 13,87,28,24,10,10,0,0,0,0,0,8,-18,-20,-25,-25,-84,-87,-97,-88,-89,-10,-10,0,0,22,17,51,19,28,0,123,113,115,29,16,0,0,0,117,86,124,122,118,118,120,122,126,139,135,103,151,147,189,185,233,224,249,247,599,616,712,632,692,570,432,341,1610,1547,2203,2222,1766,1656,29988,29989,29989,29990]} 1. e4 c5 2. Nf3 Nc6 3. Bb5 Nf6 4. Nc3 Nd4 5. e5 Nxb5 6. Nxb5 Nd5 7. Ng5 f6 8. Qh5+ {B30: Sicilian: 2...Nc6 3 Bb5, lines without ...g6.} g6 9. Qf3 fxg5 (9... Nb4 $6 10. exf6 exf6 11. c3 $1 $16) 10. Qxd5 {The position is equal.} a6 11. Nc3 Qc7 12. O-O {[#]} e6 $146 ({Predecessor:} 12... Bg7 13. e6 Be5 14. h3 dxe6 15. Qf3 Bd7 16. d3 h6 17. Qe4 O-O-O 18. Re1 Bd6 19. Qxg6 Rdg8 20. Qh5 Kb8 21. Ne4 Be8 22. Qe2 Bc6 {½-½ (22) Garbarino,R (2405)-Pierrot,J (2310) Olivos 1993}) 13. Qe4 Bg7 14. Re1 (14. d3 $11) 14... O-O $17 15. d3 Rf5 {[%cal Rf5e5]} 16. f4 gxf4 (16... Rb8 $1 $17 17. g3 gxf4 18. Bxf4 b6) 17. Bxf4 $11 Rb8 18. Qe3 d5 {And now ...d4 would win.} 19. exd6 Qf7 20. Ne2 (20. d7 Bxd7 21. Bxb8 Bd4 $17) 20... Bd7 {Threatens to win with ...Bd4!} 21. Bh6 Bxh6 (21... Bxb2 $11 22. Rab1 Qf6) 22. Qxh6 $16 Bc6 {aiming for ...Rf2.} 23. Ng3 (23. Qe3 $1 $16) 23... Rf2 $11 24. Re2 Rxe2 25. Nxe2 Rd8 ({But not} 25... Rf8 26. Qe3 $16) (25... e5 $11 {keeps the balance.}) 26. Qg5 (26. Rf1 {is more complex.} Qd7 27. Qf4 Bd5 28. h4 Qxd6 29. Qf7+) 26... Rxd6 27. Qxc5 Rd5 28. Qe3 Qf6 29. Rf1 Rf5 30. Rxf5 exf5 31. d4 Be4 32. c4 Qc6 33. b3 Qd6 34. d5 Qf6 35. Nc3 b5 $2 (35... a5 {is a better chance.} 36. Kf2 (36. Nxe4 fxe4 37. h3 Qe5 $16) 36... b6) 36. c5 $18 b4 37. Nxe4 Qa1+ 38. Kf2 fxe4 {[%mdl 4096] Endgame KQ-KQ} 39. d6 {Black must now prevent d7.} Qf6+ $2 (39... Qe5 40. Qc1 Qd4+ 41. Qe3 Qe5) 40. Ke1 Qa1+ {[#]} 41. Ke2 $1 Qxa2+ {[#]} 42. Qd2 $1 {[%cal Rd2a2]} Qxb3 43. d7 Qc4+ 44. Ke1 {Weighted Error Value: White=0.14/Black=0.54} 1-0

[Event "Caplin British Online-ch Open 2020"]
[Site "Online"]
[Date "2020.12.29"]
[Round "6.5"]
[White "O`Gorman, Tom"]
[Black "Grieve, Harry"]
[Result "1/2-1/2"]
[WhiteElo "2368"]
[BlackElo "2351"]
[Annotator "TA"]
[PlyCount "51"]
[EventDate "2020.12.21"]
[EventType "swiss"]
[EventCountry "NET"]
[SourceTitle "playchess.com"]
[Source "ChessBase"]
[SourceQuality "1"]

{[%evp 21,51,-17,-10,-19,0,-32,-24,-28,-32,-51,-23,-27,-16,-24,0,-12,-12,-13,0,-11,-6,-4,-3,-11,-10,-11,7,7,6,0,6,7]} 1. d4 d5 2. Nf3 e6 3. Bg5 Be7 4. Bxe7 Qxe7 5. Nbd2 Nf6 6. e3 b6 7. Rc1 Bb7 8. Bd3 O-O 9. O-O Nbd7 10. c3 c5 11. Qe2 {[#]} Ne4 $146 ({Predecessor:} 11... Rfc8 12. h3 e5 13. dxe5 Nxe5 14. Nxe5 Qxe5 15. Nf3 Qh5 16. Rfd1 Re8 17. b4 c4 {½-½ (73) Monserrat Castells,J (1966)-Garcia Perez,R (1889) Cullera 2006}) 12. Bb5 {D03: 1 d4 d5 2 Nf3 Nf6 3 Bg5, including Torre Attack with early ...d5.} Rac8 13. Bxd7 Qxd7 14. Ne5 {Black has an edge.} Qe7 15. f3 Nxd2 (15... Nd6 {seems wilder.} 16. Rfe1 Rfd8 17. Ng4 Qe8 18. Nf2 Qa4) 16. Qxd2 f6 17. Nd3 e5 18. dxe5 {The position is equal.} fxe5 19. f4 Ba6 20. fxe5 Bxd3 21. Qxd3 Qxe5 22. Rxf8+ Rxf8 $11 {KQR-KQR} 23. Rd1 Re8 24. Qxd5+ Qxd5 25. Rxd5 Rxe3 26. Kf2 {Weighted Error Value: White=0.08/Black=0.10} 1/2-1/2

[Event "Caplin British Online-ch Open 2020"]
[Site "Online"]
[Date "2020.12.29"]
[Round "6.6"]
[White "Toczek, Grzegorz"]
[Black "Evans, Harry G"]
[Result "1-0"]
[WhiteElo "2271"]
[BlackElo "2047"]
[Annotator "TA"]
[PlyCount "41"]
[EventDate "2020.12.21"]
[EventType "swiss"]
[EventCountry "NET"]
[SourceTitle "playchess.com"]
[Source "ChessBase"]
[SourceQuality "1"]

{[%evp 9,41,0,8,0,0,0,6,0,-7,-13,0,3,59,13,14,5,22,43,35,29,376,364,349,368,407,417,413,406,424,317,398,378,376,394]} 1. e4 c5 2. Nf3 e6 3. b3 Nc6 4. Bb2 a6 5. g3 d5 6. exd5 {B40: Sicilian: 2...e6, Unusual lines.} exd5 7. Qe2+ Qe7 8. Nc3 {The position is equal.} Bg4 {[#] And now ...Bxf3 would win.} 9. Qxe7+ Ngxe7 10. Bg2 {[#]} f6 $146 (10... Bxf3 $11 11. Bxf3 Nd4) ({Predecessor:} 10... Bxf3 11. Bxf3 Nd4 12. Bd1 O-O-O 13. Na4 Nec6 14. Ba3 b5 15. Nxc5 b4 16. c3 Bxc5 17. cxd4 Bxd4 {0-1 (42) Barthel,A (2186)-Vaibhav,S (2524) Metz 2014}) 11. h3 Be6 12. O-O-O d4 13. Ne4 Nd5 14. Rhe1 {Black must now prevent Neg5.} Kf7 $2 {[%mdl 8192] [#] This move loses the game for Black.} (14... Kd7 $11 {and Black is okay.}) 15. Neg5+ $1 {[%mdl 512]} fxg5 16. Nxg5+ {[%mdl 64] Double Attack} Kf6 {aiming for ...Bd7.} 17. Rxe6+ ({But not} 17. Nxe6 Nb6 $18) 17... Kxg5 18. Bxd5 Rd8 19. Bf3 g6 20. Bxc6 bxc6 21. Rxc6 {Weighted Error Value: White=0.12/Black=0.69} 1-0

[Event "Caplin British Online-ch Open 2020"]
[Site "Online"]
[Date "2020.12.29"]
[Round "6.7"]
[White "Ismail, Mohammed Aayan"]
[Black "Hebden, Mark L"]
[Result "1-0"]
[WhiteElo "1719"]
[BlackElo "2453"]
[Annotator "TA"]
[PlyCount "75"]
[EventDate "2020.12.21"]
[EventType "swiss"]
[EventCountry "NET"]
[SourceTitle "playchess.com"]
[Source "ChessBase"]
[SourceQuality "1"]

{[%evp 11,74,14,31,-16,0,-2,0,-23,-11,-14,6,0,19,8,10,-4,25,28,34,29,32,29,30,23,28,16,33,0,0,8,43,67,53,48,141,153,210,227,357,367,363,356,355,345,627,448,419,393,569,570,1115,628,1177,1166,29990,29991,29992,29993,29996,938,1534,0,29996,29997,29999]} 1. Nf3 Nf6 2. g3 g6 3. Bg2 Bg7 4. O-O O-O 5. d4 c5 6. c3 Qc7 7. Nbd2 {A49: 1 d4 Nf6 2 Nf3 g6 3 g3: Anti-King's Indian systems.} cxd4 8. cxd4 d5 {[#]} 9. Ne5 $146 {The position is equal.} ({Predecessor:} 9. Nb3 Nfd7 10. Bf4 e5 11. dxe5 Nxe5 12. Qxd5 Nxf3+ 13. Bxf3 Qd7 14. Qxd7 Nxd7 15. Rab1 {½-½ (47) Yang,S (1648)-Ansell,J (1320) Auckland 2011}) 9... Bf5 10. Ndf3 Bc2 11. Qe1 Be4 12. Bf4 {Hoping for Nxg6!} Qb6 13. Qd2 Nfd7 14. Rac1 Bxf3 15. Nxd7 Nxd7 16. Bxf3 e6 17. Rfd1 Rfc8 18. Rc3 Qa6 19. a3 Nb6 20. Rdc1 Nc4 21. Qd3 b5 22. e4 Rd8 {White now steadily converts the win.} (22... Nxb2 $14 23. Qxb5 Qxb5 24. Rxc8+ Qe8 25. Rxe8+ Rxe8) 23. exd5 $16 exd5 {[#]} (23... e5 $16) 24. b3 $1 $18 Nd6 (24... Nxa3 {might work better.} 25. Bg5 Nc4 26. bxc4 (26. Bxd8 Rxd8 27. bxc4 dxc4 $18) 26... dxc4) 25. Bxd5 Rac8 26. Rxc8 Nxc8 27. Qf3 {And now Rc7 would win.} Qxa3 $2 {[#]} (27... Rf8 28. Rc7 Qf6 29. Bxf7+ {[%mdl 64] Deflection} Rxf7 30. Rxc8+ Bf8) 28. Bxf7+ $1 {[%mdl 512]} Kh8 29. Qc6 Bxd4 (29... Nd6 {keeps fighting.}) 30. Be3 Bb2 31. Bg5 {White wants to mate with Bf6+.} Nd6 {intending ...Rc8.} 32. Bxd8 {Bd5! would kill now.} Kg7 33. Bd5 Bxc1 34. Qd7+ Kh6 35. Qh3+ (35. Bg8 $142 Nf7 36. Qh3+ Kg7 37. Qxh7+ Kf8 38. Qxf7#) 35... Kg7 36. Qd7+ (36. Be7 $18 Qa1 37. Bxd6 Bf4+ 38. Kg2 Bxd6 39. Qd7+ {[%mdl 64] Double Attack} Kh6 40. Qxd6 a5 41. h4) 36... Kh6 37. Bg8 {[%csl Gg8][%cal Rd7h7]} Kh5 38. Qh3# {Weighted Error Value: White=0.51/Black=0.52} 1-0

[Event "Caplin British Online-ch Open 2020"]
[Site "Online"]
[Date "2020.12.29"]
[Round "6.9"]
[White "Wille, Thomas"]
[Black "Tanmay Chopra"]
[Result "1/2-1/2"]
[WhiteElo "2048"]
[BlackElo "2273"]
[Annotator "TA"]
[PlyCount "83"]
[EventDate "2020.12.21"]
[EventType "swiss"]
[EventCountry "NET"]
[SourceTitle "playchess.com"]
[Source "ChessBase"]
[SourceQuality "1"]

{[%evp 12,83,16,24,14,10,37,29,33,33,56,45,55,43,45,60,112,107,114,0,0,7,41,34,49,0,0,-40,0,0,0,0,25,0,54,22,38,40,33,33,33,35,33,26,63,57,62,69,58,28,25,24,24,18,27,19,30,33,30,-13,-14,-106,-38,-37,-16,-27,-28,-31,0,0,0,0,6,0]} 1. e4 c5 2. Nf3 d6 3. Bb5+ Nd7 4. c3 a6 5. Ba4 Ngf6 6. Qe2 b5 7. Bc2 Bb7 {B51: Sicilian: Moscow Variation (3 Bb5+) without 3...Bd7.} 8. d4 e5 9. O-O Be7 {White has an edge.} 10. Rd1 Qc7 11. d5 O-O 12. a4 c4 13. Na3 Qb6 (13... Qb8 $14) 14. Be3 $16 Nc5 {[#]} 15. Nh4 $146 (15. Nd2 $16) ({Predecessor:} 15. Nd2 Nfd7 16. b4 cxb3 17. Nxb3 Rfc8 18. axb5 Qd8 19. Nxc5 Nxc5 20. f3 axb5 21. Nxb5 {½-½ (51) Chandra,A (2495)-Gelashvili,T (2563) Saint Louis 2017}) 15... g6 $11 16. Nf3 Rfb8 17. h3 Bc8 18. axb5 axb5 19. Ra2 Ba6 20. Qe1 Qc7 21. Nd2 Nfd7 22. Rda1 Qb7 (22... Qd8 $11) 23. Nab1 Qc8 24. b4 cxb3 $1 25. Nxb3 Bb7 26. Na5 Bd8 27. Qe2 Bxa5 28. Rxa5 Rxa5 29. Rxa5 Ba6 {With the idea ...b4.} 30. Qd2 Qb7 31. Ra1 b4 32. cxb4 Qxb4 33. Nc3 {Black must now prevent Bxc5.} Qc4 34. Ba4 Nf6 35. Bxc5 Qxc5 36. Bc6 {[#]} (36. Bc2 $11 Bc4 37. Nd1) 36... Qc4 ({Better is} 36... Qd4 $1 $17 {[%cal Rd4d2]} 37. Qxd4 (37. Qc1 Bd3) 37... exd4) 37. f3 $15 Kg7 38. Nd1 Qf1+ 39. Kh2 Bc8 40. Qf2 {The position is equal.} Qd3 41. Qe3 Qf1 42. Qf2 {Weighted Error Value: White=0.18/Black=0.14} 1/2-1/2